| 000 | 00498nam a2200181Ia 4500 | ||
|---|---|---|---|
| 003 | OSt | ||
| 005 | 20260105142913.0 | ||
| 008 | 210210b xxu||||| |||| 00| 0 eng d | ||
| 040 | _cAL | ||
| 041 | _aKannada | ||
| 082 | _a859/1667 | ||
| 100 |
_aVASUDEVA NAIK UJRE _9156222 _dವಾಸುದೇವ ನಾಯಕ್ ಉಜಿರೆ |
||
| 245 |
_aPashanamurti: _bಪಾಷಾಣ ಮೂರ್ತಿ |
||
| 260 |
_aKarkala _b- |
||
| 690 |
_aKannada Fiction _9156223 |
||
| 906 | _a022389 | ||
| 942 |
_2ddc _cBK |
||
| 999 |
_c146723 _d146723 |
||